000 nam a22 a 4500
999 _c128
_d128
005 20170420102508.0
008 170420b1986 -uk||||| |||| 00| 0 eng d
020 _a0192851357 (paperback):
040 _aAKMAL
082 _a340.03 MAR
090 _a340.03
_bMAR
245 0 2 _aA Concise dictionary of law /
_c[editor Elizabeth A. Martin].
260 _aOxford :
_bOxford University Press,
_c1986.
300 _a394p. ;
_c21cm.
650 0 _aLaw
_xDictionaries.
_zGreat Britain
_9327
650 0 _aLaw
_xTerminology.
_zGreat Britain
_9328
700 1 _aMartin, Elizabeth A.
_9329
942 _2ddc
_cBOOK
950 _lAKMAL